Language Quiz

Random Language or Letter Quiz
Score 0/129 Timer 02:00
2 Plays Today
Letter Preposition % Correct
Aa
99.6%
Aabaft
99.6%
Aaboard
99.6%
Aabout
99.6%
Aabove
99.6%
Aabsent
99.6%
Aacross
99.6%
Aafter
99.6%
Aagainst
99.6%
Aaloft
99.6%
Aalong
99.6%
Aalongside
99.6%
Aamid
99.6%
Aamidst
99.6%
Aamong
99.6%
Aamongst
99.6%
Aan
99.6%
Aanent
99.6%
Aanti
99.6%
Aaprès
99.6%
Aapropos
99.6%
Aaround
99.6%
Aas
99.6%
Aaslant
99.6%
Aastraddle
99.6%
Aastride
99.6%
Aat
99.6%
Aathwart
99.6%
Aatop
99.6%
Bbar
96.1%
Bbarring
96.1%
Bbefore
96.1%
Bbehind
96.1%
Bbelow
96.1%
Bbeneath
96.1%
Bbeside
96.1%
Bbesides
96.1%
Bbetween
96.1%
Bbetwixt
96.1%
Bbeyond
96.1%
Bbut
96.1%
Bby
96.1%
Oof
79.9%
Letter Preposition % Correct
Ooff
79.9%
Ooffshore
79.9%
Oon
79.9%
Oonto
79.9%
Oopposite
79.9%
Oout
79.9%
Ooutside
79.9%
Oover
79.9%
Tthan
75.9%
Tthe
75.9%
Tthrough
75.9%
Tthroughout
75.9%
Ttil
75.9%
Ttill
75.9%
Ttimes
75.9%
Tto
75.9%
Ttouching
75.9%
Ttoward
75.9%
Ttowards
75.9%
Ttween
75.9%
Ttwixt
75.9%
Iin
75.8%
Iinside
75.8%
Iinto
75.8%
Uunder
74.6%
Uunderneath
74.6%
Uunless
74.6%
Uunlike
74.6%
Uuntil
74.6%
Uunto
74.6%
Uup
74.6%
Uupon
74.6%
Uupside
74.6%
Ffailing
73.7%
Ffollowing
73.7%
Ffor
73.7%
Ffore
73.7%
Ffrom
73.7%
Ddespite
53.6%
Ddown
53.6%
Dduring
53.6%
Nnear
49.1%
Nnext
49.1%
Letter Preposition % Correct
Nnigh
49.1%
Nnotwithstanding
49.1%
Wworth
43.6%
Wwanting
43.6%
Wwith
43.6%
Wwithin
43.6%
Wwithout
43.6%
Ppace
33.4%
Ppast
33.4%
Ppending
33.4%
Pper
33.4%
Pplus
33.4%
Ppro
33.4%
Rre
31.7%
Rregarding
31.7%
Rrespecting
31.7%
Rround
31.7%
Lless
19%
Llike
19%
Eere
18.9%
Eex
18.9%
Eexcept
18.9%
Eexcepting
18.9%
Vversus
18.3%
Vvice
18.3%
Vvia
18.3%
Cchez
16.5%
Ccirca
16.5%
Cconsidering
16.5%
Cconcerning
16.5%
Ccontra
16.5%
Ccross
16.5%
Ssans
14.8%
Ssave
14.8%
Ssaving
14.8%
Ssince
14.8%
Mmalgré
10.8%
Mmid
10.8%
Mmidst
10.8%
Mminus
10.8%
Mmodulo
10.8%
Qqua
7.4%
Ggiven
3.2%
Remove Ads.
Support Sporcle.
Get the best of Sporcle when you Go Orange. This ad-free experience offers more features, more stats, and more fun while also helping to support Sporcle. Thank you for becoming a member.

You're not logged in!

Compare scores with friends on all Sporcle quizzes.
OR
Log In

Sporcle TV

Today on Sporcle TV


Watch our educational content, quiz creation guides, and fun videos on Sporcle TV.

Show Comments

Extras

Top Quizzes Today


Score Distribution

Paid Content

Your Account Isn't Verified!

In order to create a playlist on Sporcle, you need to verify the email address you used during registration. Go to your Sporcle Settings to finish the process.

Report this User

Report this user for behavior that violates our Community Guidelines.

Details: